Music Quiz

Random Music or Bands Quiz

Women's Names Songs Quiz Stats

 Plays Quiz Updated Dec 15, 2018

Support Sporcle.
Go Orange.
Score 0/99 Timer 15:00
1 Play Today
Singer/Band Song % Correct
Michael JacksonBillie Jean
51.7%
PoliceRoxanne
44.9%
Tommy Tutone867-5309 Jenny
43.3%
Derek & the DominosLayla
36.9%
Plain White TsHey There Delilah
34.9%
AquaBarbie Girl
34.2%
The BeatlesEleanor Rigby
34.1%
The Goo Goo DollsIris
33%
Dexy's Midnight RunnersCome on Eileen
32.5%
Neil DiamondSweet Caroline
31.5%
Rolling StonesAngie
31.4%
The BeatlesLucy in the Sky with Diamonds
30.8%
The KinksLola
30.1%
The BeatlesMichelle
29.9%
Fleetwood MacSara
28.2%
The Beach BoysBarbara Ann
27.5%
Rod StewartMaggie May
26.7%
Jennifer LopezJenny from the Block
25.8%
The Allman Bros BandJessica
25.6%
Elvis CostelloAlison
25.2%
BostonAmanda
24.9%
Dolly PartonJolene
24.5%
Kim CarnesBette Davis Eyes
22.1%
Pure Prairie LeagueAmie
21.9%
The KnackMy Sharona
21.3%
Sarah McLachlanAdia
19.1%
AerosmithJanie's Got a Gun
19.1%
TotoRosanna
18.1%
Barenaked LadiesJane
18%
The Four SeasonsSherry
17.2%
Fleetwood MacRhiannon
17.1%
Simon & GarfunkelCecilia
16.9%
Beach BoysHelp Me Rhonda
16.8%
Singer/Band Song % Correct
The BeatlesLovely Rita
16.8%
The BeatlesJulia
16.5%
Them/Van MorrisonGloria
16%
Chuck BerryCarol
15.9%
Red Hot Chili PeppersDani California
15.6%
BlondieMaria
15.1%
Steely DanPeg
14.8%
The BeatlesLady Madonna
14.5%
Night RangerSister Christian
13.2%
CCRProud Mary
13.1%
The BeatlesDear Prudence
12.8%
Shocking Blue/Bananarama coverVenus
12.2%
The Everly BrothersWake Up Little Susie
12%
Johnny CashA Boy Named Sue
12%
Little RichardGood Golly Miss Molly
11.8%
NirvanaPolly
11.2%
BeatlesSexy Sadie
10.5%
DionRunaround Sue
10.5%
Steve PerryOh Sherrie
10.2%
Elvis CostelloVeronica
10.2%
Rolling StonesRuby Tuesday
10.1%
Steve WinwoodValerie
9.2%
The Jimi Hendrix ExperienceThe Wind Cries Mary
9.1%
Crosby, Stills & NashSuite: Judy Blue Eyes
8.4%
Tom Petty & the HearbreakersMary Jane's Last Dance
8.4%
Ray Charles coverGeorgia on My Mind
7.6%
Elton JohnNikita
7.5%
The BeatlesPolythene Pam
7.4%
The BeatlesMartha My Dear
7.1%
Bruce SpringsteenRosalita (Come Out Tonight)
7%
Prince/Foo Fighters coverDarling Nikki
6.8%
Elvis PresleyJudy
6.3%
Phil CollinsSussudio
6.1%
Singer/Band Song % Correct
Little RichardLong Tall Sally
5.9%
The HolliesCarrie Anne
4.8%
CCR coverSuzy Q
4.6%
Tanya TuckerDelta Dawn
4.6%
Steely DanRikki Don't Lose That Number
4.6%
Run-D.M.C.Mary, Mary
4.3%
The Everly BrothersCathy's Clown
4.1%
Stevie WonderMy Cherie Amour
3.9%
Left BankeWalk Away Renee
3.9%
Smashing PumpkinsLily (My One and Only)
3.9%
The BeatlesDizzy Miss Lizzy
3.7%
Elton JohnLittle Jeannie
3.7%
Bob DylanMaggie's Farm
3.4%
Ready for the WorldOh Sheila
3.3%
Barenaked LadiesEnid
2.9%
KissChristine Sixteen
2.9%
David BowieBlue Jean
2.8%
The WhoAthena
2.7%
Rolling StonesLady Jane
2.4%
Paul McCartney & WingsHelen Wheels
2.3%
Grateful DeadBertha
2.2%
Led ZeppelinDarlene
2.2%
CAKEDaria
2.1%
SqueezeAnnie Get Your Gun
2.1%
Roy OrbisonLeah
2%
B-52sPlanet Claire
1.9%
Bob Seger & The Silver Bullet BandBetty Lou's Gettin' Out Tonight
1.4%
Billy JoelAll for Leyna
1.4%
Smashing PumpkinsFor Martha
1.2%
The Allman Bros BandAngeline
1.1%
Roy OrbisonLana
1%
The Four SeasonsC'mon Marianne
0.9%
Joan BaezFarewell Angelina
0.7%

From the Vault

Top 25 Grossing Franchises

by sultanofswing

Movies 6m
Some of these movies really didn't need a sequel.
Remove Ads.
Support Sporcle.
Get the best of Sporcle when you Go Orange. This ad-free experience offers more features, more stats, and more fun while also helping to support Sporcle. Thank you for becoming a member.

Show Comments

Extras

Top Quizzes Today


Score Distribution

Your Account Isn't Verified!

In order to create a playlist on Sporcle, you need to verify the email address you used during registration. Go to your Sporcle Settings to finish the process.

Report this User

Report this user for behavior that violates our Community Guidelines.

Details: